Kennedy: crucial decisión. Primer año de gobierno

Spremljeno u:
Bibliografski detalji
Glavni autor: Fuller, Helen (Autor)
Format: Knjiga
Jezik:španjolski
Izdano: Buenos Aires Plaza y Janes 1964
Teme:
Oznake: Dodaj oznaku
Bez oznaka, Budi prvi tko označuje ovaj zapis!

MARC

LEADER 00000nam a2200000 a 4500
001 UCO1119
003 CL-VaPUC
008 000512e19640000AG |||||||||||||||||spa|d
082 0 4 |a 973.922  |b FUL  |2 21 
100 0 |a Fuller, Helen  |e author  |9 442950 
245 1 0 |a Kennedy: crucial decisión. Primer año de gobierno 
300 |a 420 p 
942 |c BK 
945 |d 20000512 00:00:00  |a crobeson 
260 |a Buenos Aires  |b Plaza y Janes  |c 1964 
600 0 |a Kennedy, John Fitzgerald  |d 1917-1963  |9 859083 
650 7 |a HISTORIA ESTADOUNIDENSE  |2 CL-VaPUC  |9 350346 
650 0 |a Presidentes  |9 255176 
651 0 |a Estados Unidos  |9 255178 
583 |a last modification  |c 20000512 00:00:00  |k Rodrigo Vera 
999 |c 287748  |d 287746 
952 |0 0  |1 0  |4 0  |6 973_922000000000000_FUL_1964  |7 0  |8 A  |9 334775  |a BIBHIS  |b BIBHIS  |d 2019-11-20  |i 1273760  |o 973.922 FUL 1964  |p 1273760  |r 2025-01-20  |w 2019-11-20  |y BK  |k HIS